<?xml version="1.0" encoding="UTF-8"?>
<collection xmlns="http://www.loc.gov/MARC21/slim">
    <record>
        <controlfield tag="001">16729</controlfield>
        <controlfield tag="005">20150325205549.0</controlfield>
        <datafield tag="037" ind1=" " ind2=" ">
            <subfield code="a">TAZ-TFG-2014-1979</subfield>
        </datafield>
        <datafield tag="041" ind1=" " ind2=" ">
            <subfield code="a">spa</subfield>
        </datafield>
        <datafield tag="100" ind1="1" ind2=" ">
            <subfield code="a">Marí Armelles, Rosa Elena</subfield>
        </datafield>
        <datafield tag="245" ind1="0" ind2="0">
            <subfield code="a">La arquitectura como base para la adquisición de conceptos de Expresión Plástica y Visual en Educación Primaria</subfield>
        </datafield>
        <datafield tag="260" ind1=" " ind2=" ">
            <subfield code="a">Zaragoza</subfield>
            <subfield code="b">Universidad de Zaragoza</subfield>
            <subfield code="c">2014</subfield>
        </datafield>
        <datafield tag="506" ind1=" " ind2=" ">
            <subfield code="a">by-nc-sa</subfield>
            <subfield code="b">Creative Commons</subfield>
            <subfield code="c">3.0</subfield>
            <subfield code="u">http://creativecommons.org/licenses/by-nc-sa/3.0/</subfield>
        </datafield>
        <datafield tag="500" ind1=" " ind2=" ">
            <subfield code="a">Even though learnings coming from Plastic and Visual Arts in Primary Educations are essen-tial for the following stages, nowadays this subject is losing its social prestige due to the poor acquisition of contents in the early ages. This lack of contents acquisition may have the origin in the absence of teacher’s formation, the student’s difficulty to learn some topics, the scarcity of material resources, and the little motivation shown for this subject learning or the bad ex-position of the contents. This report intends to meet a solution towards these shortages, and it tries to present Architecture as a basic tool for the contents acquisition in Plastic and Visual Arts Education. After analysing the actual situation of the matter, there is a didactics experi-ence posed, which is based on architectural drawing, space analysis, building design and con-struction. These dynamical, manipulative and innovative sessions will be the key for the stu-dent’s development and learning of spatial vision, spatial relations, imagination and creativity.</subfield>
        </datafield>
        <datafield tag="520" ind1=" " ind2=" ">
            <subfield code="a">A pesar de que los aprendizajes que derivan de la Educación Plástica y Visual en la Etapa Primaria son vitales en etapas posteriores, esta asignatura se encuentra en una situación de desprestigio social, ocasionada por la pobre adquisición de conceptos clave en edades tempranas. Esta carencia puede tener su origen en la poca preparación del profesorado, la di-ficultad que presentan para los alumnos algunos aprendizajes, la escasez de materiales ade-cuados, la poca motivación mostrada ante esta asignatura, o simplemente, la mala exposición de contenidos. El presente documento pretende buscar una solución a estas carencias y pre-sentar la arquitectura como una herramienta base para la adquisición de conceptos de Educa-ción Plástica y Visual. Tras realizar un análisis de la situación actual de la cuestión, se plantea una experiencia didáctica basada en el dibujo arquitectónico, el análisis del espacio, el diseño y la construcción. Esta serie de sesiones dinámicas, manipulativas e innovadoras serán la cla-ve para el desarrollo de la visión espacial, las relaciones espaciales, la imaginación y la creati-vidad.</subfield>
        </datafield>
        <datafield tag="521" ind1=" " ind2=" ">
            <subfield code="a">Graduado en Maestro Educación Primaria</subfield>
        </datafield>
        <datafield tag="540" ind1=" " ind2=" ">
            <subfield code="a">Derechos regulados por licencia Creative Commons</subfield>
        </datafield>
        <datafield tag="653" ind1="1" ind2=" ">
            <subfield code="a">educación plástica y visual</subfield>
        </datafield>
        <datafield tag="653" ind1="1" ind2=" ">
            <subfield code="a">carencias formativas</subfield>
        </datafield>
        <datafield tag="653" ind1="1" ind2=" ">
            <subfield code="a">dificultades de aprendizaje</subfield>
        </datafield>
        <datafield tag="653" ind1="1" ind2=" ">
            <subfield code="a">arquitectura</subfield>
        </datafield>
        <datafield tag="653" ind1="1" ind2=" ">
            <subfield code="a">construcción</subfield>
        </datafield>
        <datafield tag="653" ind1="1" ind2=" ">
            <subfield code="a">innovación</subfield>
        </datafield>
        <datafield tag="700" ind1=" " ind2=" ">
            <subfield code="a">Perpiñán Sánchez, Luis</subfield>
            <subfield code="e">dir.</subfield>
        </datafield>
        <datafield tag="710" ind1="2" ind2=" ">
            <subfield code="a">Universidad de Zaragoza</subfield>
            <subfield code="b">Expresión Musical, Plástica y Corporal</subfield>
            <subfield code="c">Didáctica de la Expresión Plástica</subfield>
        </datafield>
        <datafield tag="856" ind1="0" ind2=" ">
            <subfield code="f">632543@celes.unizar.es</subfield>
        </datafield>
        <datafield tag="856" ind1="4" ind2=" ">
            <subfield code="s">3266418</subfield>
            <subfield code="u">http://zaguan.unizar.es/record/16729/files/TAZ-TFG-2014-1979.pdf</subfield>
            <subfield code="y">Memoria (spa)</subfield>
        </datafield>
        <datafield tag="909" ind1="C" ind2="O">
            <subfield code="o">oai:zaguan.unizar.es:16729</subfield>
            <subfield code="p">driver</subfield>
            <subfield code="p">trabajos-fin-grado</subfield>
        </datafield>
        <datafield tag="950" ind1=" " ind2=" ">
            <subfield code="a"></subfield>
        </datafield>
        <datafield tag="980" ind1=" " ind2=" ">
            <subfield code="a">TAZ</subfield>
            <subfield code="b">TFG</subfield>
            <subfield code="c">FCSH</subfield>
        </datafield>
    </record>

    
</collection>